Welcome to CU Library Online Public Access Catalogue (OPAC)

CONTEMPORARY BUSINESS COMMUNICATION (Record no. 8829)

MARC details
000 -LEADER
fixed length control field 00341nam a2200157 4500
005 - DATE AND TIME OF LATEST TRANSACTION
control field 20260224160356.0
008 - FIXED-LENGTH DATA ELEMENTS--GENERAL INFORMATION
fixed length control field CU66
020 ## - INTERNATIONAL STANDARD BOOK NUMBER
International Standard Book Number 8185502552
050 ## - LIBRARY OF CONGRESS CALL NUMBER
Classification number HF 5718 OBE
100 ## - MAIN ENTRY--PERSONAL NAME
Personal name OBER SCOT
245 ## - TITLE STATEMENT
Title CONTEMPORARY BUSINESS COMMUNICATION
250 ## - EDITION STATEMENT
Edition statement 3RD
300 ## - PHYSICAL DESCRIPTION
Extent XXIV,600p.,ILLUS.,DIAG.
500 ## - GENERAL NOTE
General note INDEX
942 ## - ADDED ENTRY ELEMENTS (KOHA)
Source of classification or shelving scheme Library of Congress Classification
Koha item type Books
Suppress in OPAC No
999 ## -
-- 8829
-- 8829
Holdings
Withdrawn status Lost status Source of classification or shelving scheme Damaged status Not for loan Home library Current library Shelving location Date acquired Total checkouts Full call number Barcode Date last seen Price effective from Koha item type
    Library of Congress Classification     Graduate Library (Christ Temple) Graduate Library (Christ Temple) General stacks 02/24/2026   HF 5718 OBE gsct00002905 02/24/2026 02/24/2026 Books
    Library of Congress Classification     Graduate Library (Christ Temple) Graduate Library (Christ Temple) General stacks 02/24/2026   HF 5718 OBE gsct00002907 02/24/2026 02/24/2026 Books
    Library of Congress Classification     Graduate Library (Christ Temple) Graduate Library (Christ Temple) General stacks 02/24/2026   HF 5718 OBE gsct00002908 02/24/2026 02/24/2026 Books
    Library of Congress Classification     Graduate Library (Christ Temple) Graduate Library (Christ Temple) General stacks 02/24/2026   HF 5718 OBE gsct00002909 02/24/2026 02/24/2026 Books
    Library of Congress Classification     Graduate Library (Christ Temple) Graduate Library (Christ Temple) General stacks 02/24/2026   HF 5718 OBE gsct00002910 02/24/2026 02/24/2026 Books
© 2023-2024 Copyright: Central University Libraries. All Rights Reserved | Created by: Mahone Tech Office